Großstädte mit Zügen nach Mannheim - Statistiken

Allgemein
  • Dieses Quiz wurde 185 mal gespielt
    87 seit der letzten Aktualisierung
  • Das Durchschnittsergebnis liegt bei 49 aus 65
Antwortstatistiken
Hint Antwort % Korrekt
BER Berlin
98%
HES Frankfurt
98%
HH Hamburg
98%
BAY München
96%
HB Bremen
95%
RLP Mainz
95%
Frankreich Paris
95%
NRW Köln
94%
NRW Düsseldorf
93%
BW Stuttgart
93%
NRW Dortmund
92%
SH Kiel
92%
Schweiz Basel
90%
SL Saarbrücken
90%
BW Freiburg
89%
SN Leipzig
89%
BAY Augsburg
88%
NRW Essen
88%
RLP Kaiserslautern
88%
BW Karlsruhe
88%
RLP Koblenz
88%
Österreich Salzburg
88%
Schweiz Bern
87%
TH Erfurt
87%
NDS Hannover
87%
HES Kassel
87%
BW Ulm
87%
Italien Milano
86%
Schweiz Zürich
86%
NRW Duisburg
84%
Frankreich Marseille
84%
HES Wiesbaden
84%
BW Heidelberg
83%
HES Darmstadt
82%
Frankreich Lyon
82%
NRW Bonn
81%
Frankreich Strasbourg
81%
RLP Trier
81%
NRW Münster
78%
MP Rostock
78%
NRW Bochum
77%
SAH Halle
77%
RLP Ludwigshafen
77%
NDS Osnabrück
76%
NRW Bielefeld
73%
Österreich Innsbruck
73%
NDS Braunschweig
72%
NRW Gelsenkirchen
72%
BW Heilbronn
71%
NDS Wolfsburg
71%
NRW Hamm
67%
NDS Göttingen
66%
NRW Oberhausen
59%
NDS Oldenburg
59%
NRW Hagen
58%
NDS Hildesheim
52%
NRW Herne
49%
BW Reutlingen
47%
NRW Solingen
41%
NRW Recklinghausen
39%
Frankreich Mulhouse
29%
Schweiz Winterthur
23%
Frankreich Avignon
20%
Frankreich Besancon
17%
Frankreich Aix-en-Provence
13%
Keine übereinstimmenden Quizze gefunden
Verteilung der Resultate
Anzahl Personen mit jedem Resultat
Perzentil nach korrekt beantworteten Fragen
Ihre Resultats-Entwicklung
Sie haben dieses Quiz seit der letzten Aktualisierung nicht gespielt